000 00331nam a2200133Ia 4500
008 240624s9999 xx 000 0 und d
041 _aeng
082 _a869.3 COE
100 _aCOELHO PAULO
245 _aELEVEN MINUTES
260 _c2010
_aLondon
_bHarperCollins Publishers
300 _axi, , 275 , 19 : p. : cm.
365 _cRS
999 _c31327
_d31327